00568nam a2200205 a 4500001001300000003000900013005001700022008004100039020002300080082001500103100002100118245005900139260003600198300000900234500003500243505002400278650001400302650002500316700002100341nice12345678IN_TiNIC20260116014011.0121129s1990 newa grp 000 0 eng  a9780140137354c39900a155.3bFOU aFoucault, Michel aCare of the Selfb The History of Sexuality (volume 3) aNew DelhibPenguin Books c1990 a279p aincludes index and biblioraphy2 aBibliography, Index aSexuality aSexuality-Psychology1 aFoucault, Michel